OPAC Home

The Road From Elephant Pass (Record no. 10417)

MARC details
000 -LEADER
fixed length control field 00361nam a2200145Ia 4500
008 - FIXED-LENGTH DATA ELEMENTS--GENERAL INFORMATION
fixed length control field 180921t2018 xxu||||| |||| 00| 0 eng d
041 ## - LANGUAGE CODE
Language code of text/sound track or separate title English
942 ## - ADDED ENTRY ELEMENTS (KOHA)
Koha item type Books
003 - CONTROL NUMBER IDENTIFIER
control field LK-CoDNM
040 ## - CATALOGING SOURCE
Original cataloging agency LK-CoDNM
Modifying agency LK-CoDNM
Description conventions LK-CoDNM
100 ## - MAIN ENTRY--PERSONAL NAME
Personal name De Silva, Nihal
245 ## - TITLE STATEMENT
Title The Road From Elephant Pass
260 ## - PUBLICATION, DISTRIBUTION, ETC. (IMPRINT)
Name of publisher, distributor, etc. Vijitha Yapa
Place of publication, distribution, etc. Colombo
Date of publication, distribution, etc. 2018
300 ## - PHYSICAL DESCRIPTION
Extent 21cm, 358p.
Holdings
Withdrawn status Lost status Damaged status Not for loan Collection code Permanent Location Current Location Date acquired Full call number Barcode Koha item type
        Translation Library National Museum Colombo - Sri Lanka Library National Museum Colombo - Sri Lanka 2021-08-03 8-31DES 169326 Books
Copyright © 2023 Department of National Museum, Colombo 07, Sri Lanka Funded by UNESCO IFAP UNESCO